Rappers By Their Debut Album #1 - Statistics

General Stats
  • This quiz has been taken 238 times
  • The average score is 8 of 15
Answer Stats
Album Rapper % Correct
The College Dropout Kanye West
98%
Live. Love. A$AP A$AP Rocky
88%
2Pacalypse Now 2Pac
80%
Section.80 Kendrick Lamar
78%
Eazy-Duz-It Eazy-E
74%
The Chronic Dr. Dre
62%
Thank Me Later Drake
53%
Bastard Tyler, The Creator
53%
Reasonable Doubt Jay-Z
48%
Infinite Eminem
34%
AmeriKKKa's Most Wanted Ice Cube
34%
Get Rich or Die Tryin' 50 Cent
30%
The Come Up J. Cole
28%
Tha Block Is Hot Lil Wayne
16%
Port of Miami Rick Ross
16%
No matching quizzes found
Score Distribution
Percent of People with Each Score
Percentile by Number Answered
Your Score History
You have not taken this quiz